| 000 | 01404nam a2200349 a 4500 | ||
|---|---|---|---|
| 001 | 000042394 | ||
| 003 | DO-SdBNP | ||
| 005 | 20250610111129.0 | ||
| 008 | 131128s2002 dr ac 001 0 spa d | ||
| 020 | _a9583334901 | ||
| 040 |
_aDO-SdBNP _bspa _cBNPHU |
||
| 082 |
_a759.980 _bR288a |
||
| 245 | 0 | 0 |
_aRealismo y arte figurativo latinoamericano / _cFrancisco Nader , Carol Damián ; fotografías , Carlos Pérez, Eugenio Cortina. |
| 260 |
_aSanto Domingo : _bFrancisco Nader Arte Latinoamericano : _bArt Editions, _c2002. |
||
| 300 |
_a264 p. : _bil., retrs. ; _c32 cm. |
||
| 505 | 0 |
_gPresentación / _rCamilo Paredes -- _tArtistas contemporáneos y realismo / _rCarol Damian -- _tPintura dominicana / _rDaniel Enríquez -- _tArtistas, catálogo de obras. |
|
| 590 | _aInventariado, 2018/LP | ||
| 650 | 4 |
_aRealismo en el arte _969494 |
|
| 650 | 4 |
_aPintura moderna _969495 |
|
| 650 | 4 |
_aArte moderno _94683 |
|
| 650 | 4 |
_aPintores latinoamericanos _xCatálogo _969496 |
|
| 650 | 4 |
_aPintores dominicanos _xCatálogo _969497 |
|
| 700 | 1 |
_aNader, Francisco _955810 |
|
| 700 | 1 |
_aDamian, Carol _969498 |
|
| 700 | 1 |
_aEnríquez, Daniel _969499 |
|
| 700 | 1 |
_aParedes, Camilo, _epresent. _969500 |
|
| 700 | 1 |
_aCortina, Eugenio, _dil. _969501 |
|
| 700 | 1 |
_aPérez, Carlos, _dil. _969502 |
|
| 710 | 2 |
_aFrancisco Nader Arte Latinoamericano _969503 |
|
| 910 | _aValidado. Control de calidad EMS | ||
| 942 |
_2ddc _cLBS1 |
||
| 999 |
_c41883 _d41883 |
||